000 00833cam a2200217 4500
001 WB3645-35
008 000000n2000 000 0 eng u
035 _a(Sirsi) u109369
245 _aCan standards help industry efficiency?
260 _c2000
490 _aEuroProperty
_v11 November 2000
_v24(1)
520 _aIn the light of the latest European Valuation Standards (EVS) from TEGoVA, questions whether guidance from valuation bodies will make a difference to investors currently managing without valuation standards.
590 _aWB
650 _aABOUT RICS-RELATED ORGANISATIONS-EUROPEAN GROUP OF VALUERS' ASSOCIATIONS
650 _aEUROPEAN VALUATION STANDARDS
650 _aINVESTORS
650 _aDISCOUNTED CASHFLOW
650 _aGUIDANCE
690 _aPROPERTY-PROPERTY APPRAISAL AND VALUATION
942 _n0
999 _c65287
_d65287